[Event "Szachowe Lato 2014 - OPEN"]
[Site "Wyzsza Szkola Umiejetnosci Spo"]
[Date "2014.??.??"]
[Round "7.1"]
[White "Brodowski, Piotr"]
[Black "Bednarska-bzdega, Malgorzata"]
[Result "1-0"]
[WhiteElo "2438"]
[BlackElo "2057"]
[PlyCount "77"]
[EventDate "2014.??.??"]

1. Nf3 Nf6 2. c4 g6 3. Nc3 d5 4. cxd5 Nxd5 5. h4 h6 6. e4 Nxc3 7. dxc3 Qxd1+ 8.
Kxd1 Bg4 9. Kc2 Bxf3 10. gxf3 e5 11. f4 Bc5 12. f3 Nd7 13. Bh3 Bd6 14. fxe5
Nxe5 15. f4 Nc6 16. h5 gxh5 17. Be3 Rg8 18. e5 Bf8 19. Rhg1 Rxg1 20. Rxg1 Ne7
21. f5 Nd5 22. Bd2 f6 23. e6 Ne7 24. Be3 O-O-O 25. Bd4 Nd5 26. Bg2 c5 27. Bf2
b6 28. Bxd5 Rxd5 29. Rg8 Rd8 30. Bh4 Be7 31. Rg7 Re8 32. Kd3 Kd8 33. Ke4 Rf8
34. Kd5 Re8 35. Kc6 Kc8 36. c4 Bd8 37. Rxa7 Kb8 38. Rb7+ Ka8 39. Rg7 1-0

[Event "Szachowe Lato 2014 - OPEN"]
[Site "Wyzsza Szkola Umiejetnosci Spo"]
[Date "2014.??.18"]
[Round "7.2"]
[White "Raczynski, Krzysztof"]
[Black "Niekras, Dawid"]
[Result "1/2-1/2"]
[WhiteElo "1671"]
[BlackElo "1981"]
[PlyCount "79"]
[EventDate "2014.??.??"]

1. e4 c5 2. Nf3 d6 3. d4 cxd4 4. Nxd4 Nf6 5. Nc3 g6 6. Be3 Bg7 7. f3 O-O 8. Qd2
Nc6 9. Bc4 Bd7 10. O-O-O Rc8 11. Bb3 Ne5 12. Kb1 Nc4 13. Bxc4 Rxc4 14. g4 b5
15. b3 b4 16. Nd5 Nxd5 17. exd5 Rc5 18. Nc6 Rxc6 19. dxc6 Bxc6 20. Qf2 Qa8 21.
Rhf1 f5 22. g5 f4 23. Bd4 e5 24. Bxa7 d5 25. Qc5 d4 26. Qxb4 Bxf3 27. Rfe1 Be4
28. Bc5 Rc8 29. Qb6 Kh8 30. Re2 d3 31. Be7 dxc2+ 32. Kb2 Rc6 33. Qb4 Qc8 34.
Rdd2 Bd3 35. Rxd3 e4+ 36. Bf6 exd3 37. Qe7 Bxf6+ 38. gxf6 Qg8 39. Qe5 Rc8 40.
Qd4 1/2-1/2

[Event "Szachowe Lato 2014 - OPEN"]
[Site "Wyzsza Szkola Umiejetnosci Spo"]
[Date "2014.??.18"]
[Round "7.3"]
[White "Stachowiak, Slawomir"]
[Black "Zakrzewski, Marek"]
[Result "0-1"]
[WhiteElo "1929"]
[BlackElo "2161"]
[PlyCount "76"]
[EventDate "2014.??.??"]

1. e4 c5 2. Nf3 e6 3. Nc3 Nc6 4. Bb5 Nd4 5. Bc4 g6 6. Nxd4 cxd4 7. Ne2 Bg7 8.
d3 Ne7 9. O-O d5 10. exd5 Nxd5 11. Nf4 Nb6 12. Bb3 O-O 13. Qf3 a5 14. a4 Qc7
15. Bd2 Bd7 16. Qd1 Bc6 17. Ne2 Nd7 18. c4 Nc5 19. Bc2 Rfd8 20. Qc1 e5 21. f3
f5 22. Ng3 Qd7 23. Bg5 Re8 24. b3 e4 25. fxe4 fxe4 26. Qd1 Rf8 27. Bc1 Rxf1+
28. Qxf1 exd3 29. Bxd3 Nxb3 30. Rb1 Nc5 31. Ba3 Nxd3 32. Qxd3 Bxa4 33. Ne4 Bc6
34. Nd6 Be5 35. c5 Rf8 36. Qc4+ Kg7 37. Re1 Qg4 38. Re2 Qf4 0-1

[Event "Szachowe Lato 2014 - OPEN"]
[Site "Wyzsza Szkola Umiejetnosci Spo"]
[Date "2014.??.18"]
[Round "7.4"]
[White "Gajzner, Ryszard"]
[Black "Nowak, Mikolaj"]
[Result "1-0"]
[WhiteElo "1758"]
[BlackElo "1717"]
[PlyCount "87"]
[EventDate "2014.??.??"]

1. d4 f5 2. c4 e6 3. Nf3 Nf6 4. g3 b6 5. Bg2 Bb7 6. Nc3 Bb4 7. Qb3 Bxc3+ 8.
Qxc3 d6 9. O-O Nbd7 10. Bf4 O-O 11. Rad1 Qe7 12. Bc1 Rac8 13. Qa3 a5 14. Bg5
Rfd8 15. Rfe1 h6 16. Bxf6 Nxf6 17. Qb3 Rb8 18. d5 e5 19. Nh4 Bc8 20. Qc2 Qd7
21. Bh3 Ng4 22. e4 fxe4 23. Qxe4 g5 24. Ng2 Qf5 25. Bxg4 Qxg4 26. Qg6+ Kf8 27.
Qxh6+ Kf7 28. f3 Qf5 29. Ne3 Qg6 30. Qxg6+ Kxg6 31. Kg2 Rh8 32. g4 Bd7 33. Rc1
Rh7 34. Nf1 Rf8 35. Ng3 Rhf7 36. Re3 Rf4 37. Ne2 R4f7 38. h3 e4 39. Rxe4 Rxf3
40. b3 Rf2+ 41. Kg1 R2f3 42. Kg2 Rf2+ 43. Kg1 R2f3 44. Re7 1-0

[Event "Szachowe Lato 2014 - OPEN"]
[Site "Wyzsza Szkola Umiejetnosci Spo"]
[Date "2014.??.18"]
[Round "7.5"]
[White "Lisiecki, Robert"]
[Black "Rozumek, Krzysztof"]
[Result "0-1"]
[WhiteElo "1535"]
[BlackElo "1933"]
[PlyCount "96"]
[EventDate "2014.??.??"]

1. e4 c6 2. d4 d5 3. e5 Bf5 4. g4 Bd7 5. f4 e6 6. Nf3 h5 7. g5 g6 8. Bd3 Ne7 9.
Nh4 Nf5 10. Nxf5 exf5 11. c3 Qb6 12. Qb3 Na6 13. Be3 Nc7 14. Nd2 Ne6 15. Rf1
Nc7 16. a3 Rd8 17. Qxb6 axb6 18. b4 Be7 19. Nb3 O-O 20. Kd2 Ra8 21. a4 Rfc8 22.
a5 bxa5 23. Rxa5 b6 24. Rxa8 Rxa8 25. Ra1 Kf8 26. Rxa8+ Nxa8 27. Kc2 Nc7 28.
Kd2 Ke8 29. Kc2 Ne6 30. Kd2 Nc7 31. Kc2 Bc8 32. Nd2 Kd8 33. Kb3 Ba6 34. c4
dxc4+ 35. Bxc4 Bxc4+ 36. Nxc4 Nd5 37. Bd2 Kd7 38. Ka4 Ke6 39. Kb3 Bf8 40. Nb2
b5 41. Nd3 Nb6 42. Nf2 Be7 43. Nd1 Kd5 44. Be3 Ke4 45. Bd2 Kd3 46. Bc1 Nd5 47.
Nf2+ Ke2 48. Nh3 Kf1 0-1

[Event "Szachowe Lato 2014 - OPEN"]
[Site "Wyzsza Szkola Umiejetnosci Spo"]
[Date "2014.??.??"]
[Round "7.6"]
[White "Slomczewski, Michal"]
[Black "Niedbala, Wojciech"]
[Result "0-1"]
[WhiteElo "1531"]
[BlackElo "1851"]
[PlyCount "83"]
[EventDate "2014.??.??"]

1. c4 Nf6 2. Nf3 g6 3. d4 Bg7 4. g3 O-O 5. Bg2 d5 6. b3 c6 7. O-O Bg4 8. Ne5
Qc8 9. Re1 Bh3 10. Bh1 dxc4 11. bxc4 Nbd7 12. Bf4 Nh5 13. Nd2 Nxf4 14. gxf4
Nxe5 15. e3 Nd3 16. Bf3 Nxe1 17. Qxe1 Qd7 18. Ne4 b6 19. Rd1 Bg4 20. Qe2 Bxf3
21. Qxf3 h5 22. h3 Rfd8 23. d5 cxd5 24. cxd5 Qf5 25. Kh2 Rac8 26. d6 exd6 27.
Nxd6 Rxd6 28. Rxd6 Qc5 29. Rd7 Rc7 30. Rd8+ Kh7 31. Rd5 Qc6 32. Kg3 Qc1 33. Kg2
Qb1 34. f5 Rc1 35. Kh2 Rc5 36. fxg6+ fxg6 37. Rd1 Qf5 38. Qg2 Qg5 39. Qf1 Qe5+
40. Kh1 Qe4+ 41. Kg1 Rg5+ 42. Kh2 0-1

[Event "Szachowe Lato 2014 - OPEN"]
[Site "Wyzsza Szkola Umiejetnosci Spo"]
[Date "2014.??.18"]
[Round "7.7"]
[White "Pawlowski, Rafal"]
[Black "Jarmuzek, Karolina"]
[Result "0-1"]
[WhiteElo "1631"]
[BlackElo "1742"]
[PlyCount "149"]
[EventDate "2014.??.??"]

1. d4 d5 2. Nf3 Nf6 3. e3 c6 4. Bd3 e6 5. O-O Be7 6. Nbd2 Nbd7 7. b3 O-O 8. Bb2
c5 9. c4 b6 10. Qc2 h6 11. Rfd1 Bb7 12. Rac1 Rc8 13. Qb1 Rc7 14. Ne5 Qa8 15.
cxd5 exd5 16. Ndf3 Nxe5 17. Nxe5 Nd7 18. Nxd7 Rxd7 19. Bh7+ Kh8 20. Bf5 Rdd8
21. Qc2 Rfe8 22. Qe2 Bc8 23. Bb1 Be6 24. Qd3 f5 25. Qe2 Qc8 26. dxc5 bxc5 27.
Qh5 Kh7 28. Rd3 c4 29. Rd2 Bb4 30. Rdc2 Qd7 31. bxc4 dxc4 32. Bd4 Rc8 33. h4
Red8 34. Qe2 Qf7 35. f3 Kh8 36. g3 Bd6 37. Kg2 Qg6 38. Qf2 Be7 39. Kh2 Rd7 40.
Re2 Bf6 41. Bxf6 Qxf6 42. e4 fxe4 43. Bxe4 c3 44. Qe3 Qd4 45. Qxd4 Rxd4 46. Kg2
a5 47. Rec2 Kg8 48. Kf2 Kf7 49. Ke3 Rd2 50. Rxd2 cxd2 51. Kxd2 Rxc1 52. Kxc1
Bxa2 53. Bc6 Bb3 54. Kb2 a4 55. Kc3 Ke6 56. Be4 Bd5 57. Bc2 a3 58. Bd1 Ke5 59.
Be2 a2 60. Kb2 Kd4 61. f4 Ke3 62. Bh5 Kf2 63. g4 Kg3 64. g5 hxg5 65. fxg5 Kxh4
66. Bg6 Kxg5 67. Bh7 Kf6 68. Bd3 g5 69. Be2 Ke5 70. Bg4 Be6 71. Bf3 Bd5 72. Bg4
Kf4 73. Bd7 Be4 74. Kxa2 Bf5 75. Bc6 0-1

[Event "Szachowe Lato 2014 - OPEN"]
[Site "Wyzsza Szkola Umiejetnosci Spo"]
[Date "2014.??.18"]
[Round "7.8"]
[White "Hoffmann, Piotr"]
[Black "Wawrzyniak, Pawel"]
[Result "1/2-1/2"]
[WhiteElo "1704"]
[BlackElo "1685"]
[PlyCount "79"]
[EventDate "2014.??.??"]

1. Nc3 e5 2. Nf3 Nc6 3. d4 exd4 4. Nxd4 Bc5 5. Be3 Bb6 6. Na4 Nf6 7. Nxc6 bxc6
8. Nxb6 axb6 9. Bg5 d5 10. Qd4 Bf5 11. Qe5+ Be6 12. Bxf6 Qxf6 13. Qxf6 gxf6 14.
a3 d4 15. O-O-O c5 16. g3 Bd5 17. Rg1 Ke7 18. Bg2 Bxg2 19. Rxg2 Ke6 20. Kd2 c4
21. e3 c5 22. exd4 cxd4 23. f3 Kd5 24. Re2 Rhe8 25. Rde1 Re6 26. Rxe6 fxe6 27.
Re4 Ra4 28. Rh4 c3+ 29. bxc3 dxc3+ 30. Kxc3 Rxa3+ 31. Kb4 Rxf3 32. c4+ Kc6 33.
Rxh7 e5 34. Rg7 e4 35. h4 e3 36. Kc3 e2+ 37. Kd2 Re3 38. Ke1 Re8 39. Rf7 Re4
40. Rxf6+ 1/2-1/2

[Event "Szachowe Lato 2014 - OPEN"]
[Site "Wyzsza Szkola Umiejetnosci Spo"]
[Date "2014.??.??"]
[Round "7.9"]
[White "Nowaczyk, Mikolaj"]
[Black "Glatty, Zbigniew"]
[Result "0-1"]
[WhiteElo "1637"]
[BlackElo "1892"]
[PlyCount "26"]
[EventDate "2014.??.??"]

1. e4 e5 2. Nf3 Nc6 3. Bb5 a6 4. Ba4 Nf6 5. O-O Be7 6. Re1 b5 7. Bb3 d6 8. h3
Na5 9. d4 exd4 10. Nxd4 c5 11. Bd5 Nxd5 12. exd5 cxd4 13. Qd2 Nc4 0-1

[Event "Szachowe Lato 2014 - OPEN"]
[Site "Wyzsza Szkola Umiejetnosci Spo"]
[Date "2014.??.18"]
[Round "7.10"]
[White "Kupsik, Joanna"]
[Black "Szuba, Henryk"]
[Result "1-0"]
[WhiteElo "1680"]
[BlackElo "1542"]
[PlyCount "90"]
[EventDate "2014.??.??"]

1. e4 c5 2. Nf3 d6 3. Nc3 a6 4. d4 cxd4 5. Nxd4 Nf6 6. h3 e6 7. Bd3 Qc7 8. O-O
Nc6 9. Be3 Ne5 10. Nf3 Nfd7 11. Nxe5 Nxe5 12. f4 Nc4 13. Bxc4 Qxc4 14. Qd4 Qxd4
15. Bxd4 f6 16. Rae1 Bd7 17. Re2 Bc6 18. Bb6 Rc8 19. Rd1 Be7 20. f5 Kf7 21. Kf2
Bd7 22. fxe6+ Bxe6 23. Nd5 Rc6 24. Be3 Rhc8 25. c3 g5 26. g4 Bxd5 27. Rxd5 Ke6
28. a4 Rh8 29. Kg3 h5 30. Rdd2 hxg4 31. hxg4 Rh4 32. Rh2 Rxh2 33. Kxh2 Rc4 34.
Rd4 Rxd4 35. Bxd4 d5 36. exd5+ Kxd5 37. Kg3 Kc4 38. Kf3 Kb3 39. Ke4 Kxb2 40.
Kd5 Kb3 41. Ke6 Ba3 42. a5 Ka4 43. Bxf6 Kxa5 44. Bxg5 Kb5 45. Bf4 Kc4 1-0

[Event "Szachowe Lato 2014 - OPEN"]
[Site "Wyzsza Szkola Umiejetnosci Spo"]
[Date "2014.??.18"]
[Round "7.11"]
[White "Spizewski, Grzegorz"]
[Black "Chojnowski, Robert"]
[Result "1-0"]
[WhiteElo "1628"]
[BlackElo "1656"]
[PlyCount "132"]
[EventDate "2014.??.??"]

1. e4 e6 2. d4 d5 3. Nc3 Bb4 4. a3 Bxc3+ 5. bxc3 dxe4 6. Qg4 Qf6 7. Qxe4 Ne7 8.
Bd3 Bd7 9. f3 Bc6 10. Qf4 Qxf4 11. Bxf4 Nd5 12. Bd2 Nd7 13. Ne2 O-O-O 14. O-O
f5 15. Rfe1 h6 16. c4 N5b6 17. Nf4 Nf8 18. Rxe6 Nxe6 19. Nxe6 Rd6 20. d5 Nxc4
21. Bxc4 Bxd5 22. Bxd5 Rxd5 23. Bc3 Rg8 24. Rb1 g5 25. Kf2 f4 26. h4 Rg6 27.
Re1 b6 28. hxg5 hxg5 29. Re2 Rd6 30. Nd4 Kb7 31. Nf5 Rde6 32. Rd2 Rg8 33. a4 a5
34. Re2 Rge8 35. Rxe6 Rxe6 36. Nd4 Re3 37. Bb2 c5 38. Ne2 Kc6 39. g3 Re7 40.
gxf4 gxf4 41. Nxf4 b5 42. Ne2 b4 43. f4 Re4 44. Ke1 Kd5 45. Kd2 c4 46. Bg7 c3+
47. Bxc3 Kc4 48. Bf6 b3 49. cxb3+ Kxb3 50. Kd3 Rxa4 51. f5 Rg4 52. Be7 Rg7 53.
Nd4+ Kb2 54. f6 Rf7 55. Nc6 a4 56. Ne5 Rxf6 57. Bxf6 a3 58. Nc4+ Kb3 59. Be5 a2
60. Bd4 Kb4 61. Ba1 Kb3 62. Nd2+ Kb4 63. Kc2 Ka3 64. Ne4 Kb4 65. Kb2 Ka4 66.
Kxa2 Kb4 1-0

[Event "Szachowe Lato 2014 - OPEN"]
[Site "Wyzsza Szkola Umiejetnosci Spo"]
[Date "2014.??.18"]
[Round "7.13"]
[White "Kozlowski, Tomasz"]
[Black "Kaczmarek, Piotr"]
[Result "0-1"]
[WhiteElo "1973"]
[BlackElo "1851"]
[PlyCount "87"]
[EventDate "2014.??.??"]

1. Nf3 d5 2. g3 c5 3. Bg2 Nc6 4. d3 e5 5. Nbd2 Bg4 6. c3 Nf6 7. Qc2 Be7 8. O-O
Qd7 9. Re1 O-O 10. e4 d4 11. c4 a5 12. Nb1 h6 13. Na3 Ne8 14. h4 Nc7 15. Nh2
Nb4 16. Qd2 Bh3 17. Bh1 Qe6 18. Qe2 Bxh4 19. Qh5 Bg5 20. Bxg5 hxg5 21. g4 Qh6
22. Qxh6 gxh6 23. Rad1 Ne6 24. Rd2 Nf4 25. Red1 Nbxd3 26. Nf3 Nb4 27. Nxe5 Rad8
28. f3 f6 29. Nd3 Nbxd3 30. Rxd3 Nxd3 31. Rxd3 h5 32. Kh2 hxg4 33. Kg3 Bf1 34.
Rd2 d3 35. fxg4 Kg7 36. Nb5 Rh8 37. Bf3 Rh4 38. Kf2 Rh2+ 39. Ke3 Rh3 40. Nc3
Rdh8 41. Rf2 Be2 42. Nxe2 dxe2 43. Kxe2 Rh2 44. Ke3 0-1

[Event "Szachowe Lato 2014 - OPEN"]
[Site "Wyzsza Szkola Umiejetnosci Spo"]
[Date "2014.??.18"]
[Round "7.14"]
[White "Simon, Marek"]
[Black "Wittig, Zenon"]
[Result "1-0"]
[WhiteElo "1871"]
[BlackElo "1547"]
[PlyCount "81"]
[EventDate "2014.??.??"]

1. d4 d5 2. c4 e6 3. Nc3 Nf6 4. Bg5 Be7 5. e3 Nbd7 6. Nf3 h6 7. Bh4 O-O 8. Rc1
b6 9. cxd5 exd5 10. Bd3 c5 11. dxc5 bxc5 12. O-O Nb6 13. Qe2 Bb7 14. Rfd1 Nfd7
15. Bg3 Bf6 16. Bd6 Re8 17. Nb5 Rc8 18. Bg3 Ne5 19. Bf5 Nxf3+ 20. Qxf3 Bxb2 21.
Bxc8 Nxc8 22. Rxc5 Qb6 23. Rc7 Bf6 24. Rb1 Ba8 25. Qf5 Ne7 26. Qd7 Rb8 27. Rb3
Qa5 28. Rb1 a6 29. h3 Bc6 30. Rxc6 Rxb5 31. Rxb5 Qxb5 32. Rc7 Qb1+ 33. Kh2 Qxa2
34. Qe8+ Kh7 35. Qxf7 Qb2 36. Rxe7 Bxe7 37. Qxe7 Qc2 38. Qb7 Qd3 39. Be5 Qg6
40. Qxd5 h5 41. Bf4 1-0

[Event "Szachowe Lato 2014 - OPEN"]
[Site "Wyzsza Szkola Umiejetnosci Spo"]
[Date "2014.??.18"]
[Round "7.15"]
[White "Koper, Konrad"]
[Black "Kowalewicz, Kacper"]
[Result "1-0"]
[WhiteElo "1603"]
[BlackElo "1783"]
[PlyCount "21"]
[EventDate "2014.??.??"]

1. e4 e5 2. Nf3 Nc6 3. Bc4 Bc5 4. c3 Nf6 5. d3 O-O 6. O-O a6 7. d4 Ba7 8. dxe5
Nxe5 9. Bd5 Nc4 10. Bg5 Qe8 11. Re1 1-0

[Event "Szachowe Lato 2014 - OPEN"]
[Site "Wyzsza Szkola Umiejetnosci Spo"]
[Date "2014.??.18"]
[Round "7.16"]
[White "Kiwilsza, Piotr"]
[Black "Huchwajda, Grzegorz"]
[Result "1-0"]
[WhiteElo "1778"]
[BlackElo "1541"]
[PlyCount "111"]
[EventDate "2014.??.??"]

1. e4 c5 2. Nf3 e6 3. d4 cxd4 4. Nxd4 a6 5. Bc4 Qc7 6. Bb3 Nf6 7. Qe2 d6 8. Bg5
Be7 9. O-O h6 10. Bh4 Nc6 11. c3 O-O 12. Nd2 Bd7 13. Rac1 b5 14. Rfd1 Qb6 15.
N2f3 Rad8 16. e5 dxe5 17. Nxe5 Nxe5 18. Qxe5 Ng4 19. Qh5 Bxh4 20. Qxh4 Nf6 21.
Re1 Bc8 22. Re3 Rfe8 23. Rce1 b4 24. Rg3 Kh8 25. Rf3 bxc3 26. bxc3 e5 27. Nf5
Bxf5 28. Rxf5 Re7 29. h3 e4 30. Qf4 Red7 31. Re2 Qc6 32. Qe5 Qd6 33. Qxd6 Rxd6
34. Bxf7 R8d7 35. Bb3 Re7 36. Ra5 g6 37. Re3 Rc6 38. f3 g5 39. fxe4 Rxe4 40.
Rxe4 Nxe4 41. Ba4 Rc5 42. Rxc5 Nxc5 43. Kf2 Kg7 44. Ke3 Kf6 45. Kd4 Nd7 46. c4
Ke7 47. c5 Kd8 48. c6 Nb8 49. Ke5 Kc7 50. Kf6 Nxc6 51. Bxc6 Kxc6 52. Kg6 Kb5
53. Kxh6 Kb4 54. Kxg5 Ka3 55. h4 Kxa2 56. h5 1-0

[Event "Szachowe Lato 2014 - OPEN"]
[Site "Wyzsza Szkola Umiejetnosci Spo"]
[Date "2014.??.18"]
[Round "7.17"]
[White "Bzdega, Bartlomiej"]
[Black "Van Den Bosch, Arno"]
[Result "0-1"]
[WhiteElo "1445"]
[BlackElo "1762"]
[PlyCount "95"]
[EventDate "2014.??.??"]

1. d4 Nf6 2. c4 g6 3. Nc3 Bg7 4. g3 O-O 5. Bg2 d6 6. Nf3 Nc6 7. O-O a6 8. e4
Na5 9. Qd3 c5 10. Be3 Ng4 11. h3 Nxe3 12. fxe3 Nc6 13. a3 Rb8 14. d5 Ne5 15.
Nxe5 Bxe5 16. Rf3 Bd7 17. Ra2 Qc8 18. g4 b5 19. cxb5 axb5 20. Rf2 Qc7 21. Qd2
Rfc8 22. Ra1 b4 23. axb4 Rxb4 24. Rb1 Rcb8 25. Qc2 Qb7 26. Qc1 Rc4 27. Rf1 Rb4
28. Rf2 Rb3 29. Rc2 Bxc3 30. Rxc3 Rxb2 31. Rxb2 Qxb2 32. Qxb2 Rxb2 33. Ra3 Rb7
34. Bf1 Bb5 35. Rb3 Ba6 36. Rxb7 Bxb7 37. Bb5 g5 38. Kf2 Kg7 39. Kf3 Kf6 40.
Bd3 Ke5 41. Kg3 e6 42. Kf3 exd5 43. exd5 Bxd5+ 44. Kg3 h6 45. h4 Be4 46. Be2 d5
47. hxg5 hxg5 48. Kf2 0-1

[Event "Szachowe Lato 2014 - OPEN"]
[Site "Wyzsza Szkola Umiejetnosci Spo"]
[Date "2014.??.18"]
[Round "7.18"]
[White "Okonek, Wojciech"]
[Black "Opolski, Wojciech"]
[Result "1/2-1/2"]
[WhiteElo "1628"]
[BlackElo "1629"]
[PlyCount "66"]
[EventDate "2014.??.??"]

1. c4 c6 2. e4 e6 3. Nc3 d5 4. exd5 exd5 5. d4 Nf6 6. h3 Be6 7. cxd5 cxd5 8.
Nf3 Be7 9. Bd3 h6 10. O-O O-O 11. Bf4 Nc6 12. Qd2 Ne4 13. Nxe4 dxe4 14. Bxe4 f5
15. Bc2 g5 16. Be5 Nxe5 17. dxe5 Qc7 18. Nd4 Bc4 19. Qc3 Rac8 20. Bb3 Bxb3 21.
Qxb3+ Qc4 22. Rac1 Qxb3 23. Nxb3 Kf7 24. Nd4 Kg6 25. Ne6 Rfe8 26. a3 Kf7 27.
Nd4 Kg6 28. Rfd1 Bc5 29. Nb3 Rxe5 30. Nxc5 Rcxc5 31. Rd6+ Kh5 32. Rxc5 Rxc5 33.
Rd7 Rb5 1/2-1/2

[Event "Szachowe Lato 2014 - OPEN"]
[Site "Wyzsza Szkola Umiejetnosci Spo"]
[Date "2014.??.18"]
[Round "7.19"]
[White "Nicikowski, Jozef"]
[Black "Kostecki, Samuel"]
[Result "0-1"]
[WhiteElo "1518"]
[BlackElo "1507"]
[PlyCount "33"]
[EventDate "2014.??.??"]

1. e4 c5 2. c3 d5 3. Bb5+ Bd7 4. Qa4 dxe4 5. Bxd7+ Qxd7 6. Qxe4 Nc6 7. Nf3 Nf6
8. Qc4 e6 9. O-O Be7 10. d4 O-O 11. Na3 Rac8 12. Nc2 e5 13. Re1 e4 14. Ng5 Ne5
15. Qb5 Qg4 16. f3 Qf5 17. dxe5 0-1

[Event "Szachowe Lato 2014 - OPEN"]
[Site "Wyzsza Szkola Umiejetnosci Spo"]
[Date "2014.??.18"]
[Round "7.20"]
[White "Grabczynski, Zdzislaw"]
[Black "Woloszyn, Piotr"]
[Result "1-0"]
[WhiteElo "1775"]
[BlackElo "1527"]
[PlyCount "80"]
[EventDate "2014.??.??"]

1. d4 Nf6 2. c4 e6 3. a3 a5 4. Nc3 d5 5. Bg5 Be7 6. e3 h6 7. Bh4 Nbd7 8. Nf3
O-O 9. c5 c6 10. Bd3 b6 11. cxb6 Qxb6 12. Na4 Qc7 13. Rc1 Ba6 14. O-O Bxd3 15.
Qxd3 Rfc8 16. h3 Nb6 17. Nc5 Nc4 18. Rc2 Bxc5 19. Bxf6 Be7 20. Be5 Bd6 21. Bxd6
Qxd6 22. a4 Qb4 23. b3 Nd6 24. Ne5 c5 25. Rfc1 c4 26. bxc4 Qxa4 27. cxd5 Rxc2
28. Rxc2 exd5 29. Nc6 g6 30. Ne7+ Kg7 31. Nxd5 Rb8 32. Rc1 Qa2 33. e4 Rb2 34.
Qf3 f5 35. Rc7+ Kf8 36. exf5 gxf5 37. Ne3 Rb4 38. Kh2 Qe6 39. g4 Rb3 40. Rc6
Rb2 1-0

[Event "Szachowe Lato 2014 - OPEN"]
[Site "Wyzsza Szkola Umiejetnosci Spo"]
[Date "2014.??.18"]
[Round "7.22"]
[White "Pawlicki, Dariusz"]
[Black "Szczerbak, Stefan"]
[Result "1/2-1/2"]
[WhiteElo "1720"]
[BlackElo "1606"]
[PlyCount "103"]
[EventDate "2014.??.??"]

1. d4 d5 2. c4 c6 3. cxd5 cxd5 4. Nc3 e6 5. Nf3 Nf6 6. Bf4 a6 7. e3 Be7 8. Bd3
Nbd7 9. h3 b5 10. a3 Bb7 11. O-O O-O 12. Rc1 Rc8 13. Qc2 g6 14. Qb1 Kg7 15. b4
Nb6 16. Qb3 Nc4 17. a4 Qb6 18. axb5 axb5 19. Be5 Kg8 20. Bxf6 Bxf6 21. Rfd1 Ra8
22. Ra1 Ra6 23. Rxa6 Qxa6 24. e4 Ra8 25. exd5 Bxd5 26. Nxd5 exd5 27. Ne5 Qd6
28. Bxc4 bxc4 29. Qc3 Be7 30. Rb1 Rb8 31. b5 Rb6 32. Qf3 f6 33. Nc6 Bf8 34. h4
h5 35. g4 hxg4 36. Qxg4 Kg7 37. h5 g5 38. Qf5 Rb7 39. Ra1 Kg8 40. Ra6 Qf4 41.
Qxd5+ Kh7 42. Ne5 Re7 43. Qxc4 fxe5 44. Qc2+ e4 45. Qe2 Bg7 46. Qe3 Qg4+ 47.
Kf1 Qxh5 48. b6 Qd1+ 49. Kg2 Qg4+ 50. Kh2 Rb7 51. Ra5 Qf4+ 52. Kg2 1/2-1/2